| 000 | 004580000a22001810004500 | ||
|---|---|---|---|
| 003 | MACL | ||
| 005 | 20151028110734.0 | ||
| 008 | 151028b xxu||||| |||| 00| 0 eng d | ||
| 040 |
_aMACL _cMACL |
||
| 041 | _aEnglish | ||
| 082 | _a330/ROY | ||
| 100 |
_aRoy, Sekhar Basu _91755 |
||
| 245 | _aIndian Economy Challenges And Solutions | ||
| 260 |
_bRoy, Sekhar Basu _c2009 _aKolkata |
||
| 350 | _a900 | ||
| 650 |
_aEconomics _917087 |
||
| 942 |
_cBK _k330/ROY _2ddc |
||
| 999 |
_c44545 _d44545 |
||